00418nam a2200145 a 450000100100000000500170001000800410002702000180006804000250008608200140011124500330012526000440015830000240020250000460022600004857020201002061238.0190329s2018 dr a r 000 spa d a9789945176582 aDO-SdBNPbspacBNPHU axxxbM42500aMatemática 5 : secundaria. aSanto Domingo :bFundación SM,c2018. av. :bil. ;c28 cm. aLa biblioteca posee 3 cuaderno de trabajo